Loading...
| Science - Chemistry | 0 | 3 | 1 | 0 | 25 | 54 | 79.67 | 1 | 2 | 9.80 | 22.22 |
| Social Science | 0 | 2 | 0 | 1 | 20 | 47 | 69.50 | 0 | 1 | 7.00 | 11.11 |
| Literature - British | 0 | 2 | 0 | 0 | 20 | 38 | 64.50 | 2 | 2 | 11.93 | 22.22 |
| Current Events | 0 | 2 | 0 | 0 | 20 | 12 | 22.50 | 1 | 1 | 54.74 | 40.00 |
| Fine Arts - Other | 0 | 1 | 0 | 0 | 10 | 67 | 67.00 | 0 | 1 | 5.56 | 6.67 |
| Fine Arts - Classical Music | 0 | 1 | 0 | 0 | 10 | 82 | 82.00 | 1 | 1 | 3.32 | 11.11 |
| History - American | 0 | 1 | 0 | 0 | 10 | 79 | 79.00 | 0 | 1 | 4.25 | 8.89 |
| Science - Physics | 0 | 1 | 0 | 1 | 10 | 134 | 134.00 | 0 | 0 | -1.72 | 2.22 |
| Literature - World | 0 | 1 | 0 | 0 | 10 | 12 | 12.00 | 1 | 1 | 10.12 | 11.11 |
| History - European | 0 | 0 | 0 | 0 | 0 | 0.00 | 0 | 0 | 0.00 | 0.00 | |
| Literature - American | 0 | 0 | 0 | 0 | 0 | 0.00 | 0 | 0 | 0.00 | 0.00 | |
| Philosophy | 0 | 0 | 1 | 0 | -5 | 0.00 | 0 | 0 | 0.00 | 0.00 | |
| Other Academic | 0 | 0 | 1 | 0 | -5 | 0.00 | 0 | 0 | 0.00 | 0.00 | |
| History - World | 0 | 0 | 1 | 0 | -5 | 0.00 | 0 | 0 | 0.00 | 0.00 | |
| Science - Biology | 0 | 0 | 2 | 0 | -10 | 0.00 | 0 | 0 | 0.00 | 0.00 |